=LDR 00000nam 2200000 4500 =001 NUTBA000000000003494 =005 20200204012645 =035 ##$$a 0010-081400000000339 =008 200204################g##########0#ind## =020 ##$$a 978-979-29-3318-5 =082 ##$$a 006.68 =245 1#$$a Belajar sendiri edit foto digital online dengan pixlr online /$c Westriningsih =250 ##$$a Ed.1 =260 ##$$a Yogyakarta :$b Andi,$c 2010 =300 ##$$a viii,151 Hlm : $b ilus ; $c 16 x 23 cm =850 ##$$a NBPNMAT =084 ##$$a 006.68 Wes b =100 #$$a Westriningsih =650 #4$$a Pixir Online =990 ##$$a 21306035 =990 ##$$a 21306036 =990 ##$$a 21306037 =990 ##$$a 21306038 =990 ##$$a 21306034